[Event "Schachfestival Basel"]
[Site "Basel"]
[Date "2018.01.03"]
[Round "3.21"]
[White "Jud, Marc"]
[Black "Wenner, Tobias"]
[Result "0-1"]
[WhiteElo "2022"]
[BlackElo "2145"]
[PlyCount "60"]
[EventDate "2018.01.??"]
[EventType "swiss"]
[EventRounds "9"]
[EventCountry "SUI"]
[SourceDate "2018.01.02"]

1. d4 Nf6 2. Nf3 g6 3. c4 Bg7 4. g3 O-O 5. Bg2 d6 6. O-O Nc6 7. Nc3 a6 8. e4
Bg4 9. h3 Bxf3 10. Bxf3 Nd7 11. Be3 e5 12. d5 Nd4 13. Bg2 c5 14. Qd2 Rb8 15.
Bh6 b5 16. Bxg7 Kxg7 17. cxb5 axb5 18. Ne2 b4 19. b3 Ra8 20. f4 f6 21. Nxd4
exd4 22. h4 Re8 23. Rfe1 Ra7 24. Bh3 Nf8 25. Rac1 Rae7 26. Qd3 f5 27. e5 dxe5
28. Rxc5 Nd7 29. Rb5 Qc7 30. fxe5 Qc3 0-1

[Event "Schachfestival Basel"]
[Site "Basel"]
[Date "2018.01.03"]
[Round "3.22"]
[White "Goldie, Thomas"]
[Black "Zennaf, Karim"]
[Result "0-1"]
[WhiteElo "2098"]
[BlackElo "2013"]
[PlyCount "82"]
[EventDate "2018.01.??"]
[EventType "swiss"]
[EventRounds "9"]
[EventCountry "SUI"]
[SourceDate "2018.01.02"]

1. e4 c5 2. Nf3 d6 3. d4 cxd4 4. Nxd4 Nf6 5. Nc3 a6 6. Be3 e5 7. Nb3 Be7 8. f3
Be6 9. Qd2 O-O 10. O-O-O a5 11. a4 Nc6 12. g4 Nb4 13. g5 Ne8 14. h4 Qc8 15. Bb6
Nc7 16. Kb1 d5 17. Bxc7 Qxc7 18. Nxd5 Nxd5 19. exd5 Rfd8 20. c4 b5 21. axb5 a4
22. Nc1 a3 23. b3 a2+ 24. Nxa2 Ra3 25. Nc1 Qa7 26. Qb2 Bc5 27. Bh3 Bxh3 28.
Rxh3 Ra8 29. Rh2 Ra1+ 30. Kc2 Be3 31. Kd3 Rxc1 32. Rxc1 Bxc1 33. Qxe5 Qg1 34.
Qe2 Bf4 35. Rg2 Qb1+ 36. Qc2 Qf1+ 37. Qe2 Qa1 38. b6 Be5 39. Qc2 Qd4+ 40. Ke2
Bf4 41. Rg4 Qe3+ 0-1

[Event "Schachfestival Basel"]
[Site "Basel"]
[Date "2018.01.03"]
[Round "3.23"]
[White "Yakimenko, Alexander A"]
[Black "Wirz, Heinz"]
[Result "1-0"]
[WhiteElo "2146"]
[BlackElo "2103"]
[PlyCount "65"]
[EventDate "2018.01.??"]
[EventType "swiss"]
[EventRounds "9"]
[EventCountry "SUI"]
[SourceDate "2018.01.02"]

1. e4 e6 2. d4 d5 3. Nc3 Bb4 4. e5 c5 5. a3 Bxc3+ 6. bxc3 Ne7 7. Nf3 Nbc6 8. a4
Qa5 9. Qd2 Bd7 10. dxc5 Ng6 11. c4 Qxd2+ 12. Kxd2 d4 13. Bb2 O-O-O 14. Re1 Nce7
15. Ng5 Nxe5 16. f4 h6 17. Ne4 N5g6 18. Nd6+ Kc7 19. Nxf7 Nxf4 20. g3 Bc6 21.
Rg1 Nh5 22. Nxh8 Rxh8 23. Rxe6 Nf5 24. Bd3 Ne3 25. Bxd4 Ng4 26. Be2 Rd8 27. Rd6
Ngf6 28. Rxd8 Kxd8 29. Bxh5 Nxh5 30. a5 g6 31. Rf1 g5 32. Rf7 Be4 33. c6 1-0

[Event "Schachfestival Basel"]
[Site "Basel"]
[Date "2018.01.03"]
[Round "3.24"]
[White "Fischer, Daniel"]
[Black "Beck, Michael"]
[Result "1-0"]
[WhiteElo "2123"]
[BlackElo "2084"]
[PlyCount "79"]
[EventDate "2018.01.??"]
[EventType "swiss"]
[EventRounds "9"]
[EventCountry "SUI"]
[SourceDate "2018.01.02"]

1. e4 e6 2. d4 d5 3. Nd2 a6 4. Ngf3 Nf6 5. e5 Nfd7 6. Bd3 c5 7. c3 Nc6 8. O-O
g5 9. dxc5 g4 10. Nd4 Ncxe5 11. N2b3 Nxd3 12. Qxd3 Nxc5 13. Nxc5 Bxc5 14. Re1
Qf6 15. Be3 Be7 16. Nb5 O-O 17. Nc7 Rb8 18. Ba7 Bd7 19. Bxb8 Rxb8 20. Qe2 Kf8
21. Qxg4 Rd8 22. Qh5 Qg6 23. Qe5 Bc8 24. Na8 f6 25. Qe3 b5 26. Nb6 d4 27. cxd4
Bb7 28. d5 Rd6 29. Rac1 Bd8 30. Qc5 Be7 31. Qc7 Rxb6 32. Qxb6 Bxd5 33. Qb8+ Kf7
34. Qg3 Qh6 35. Rc7 Qd2 36. Qe3 Qb4 37. Rec1 e5 38. Qc5 Qxc5 39. R1xc5 Bxa2 40.
R5c6 1-0

[Event "Schachfestival Basel"]
[Site "Basel"]
[Date "2018.01.03"]
[Round "3.25"]
[White "Pupier, Terry"]
[Black "Terraz, Christian"]
[Result "1-0"]
[WhiteElo "2107"]
[BlackElo "2075"]
[PlyCount "53"]
[EventDate "2018.01.??"]
[EventType "swiss"]
[EventRounds "9"]
[EventCountry "SUI"]
[SourceDate "2018.01.02"]

1. e4 e5 2. Nf3 Nc6 3. d4 exd4 4. Nxd4 Nf6 5. Nxc6 bxc6 6. e5 Qe7 7. Qe2 Nd5 8.
g3 a5 9. c4 Nb6 10. Nd2 Qe6 11. h4 Bb4 12. a3 Bxd2+ 13. Bxd2 Ba6 14. Rc1 Nxc4
15. Rxc4 d5 16. exd6 Bxc4 17. Qxe6+ Bxe6 18. dxc7 Bd5 19. Rg1 O-O 20. Bf4 Rfe8+
21. Kd2 Re4 22. Ba6 Be6 23. Bb7 Rf8 24. Rc1 Bc8 25. Bxc6 Re6 26. b4 axb4 27.
axb4 1-0

[Event "Schachfestival Basel"]
[Site "Basel"]
[Date "2018.01.04"]
[Round "4.1"]
[White "Chatalbashev, Boris"]
[Black "Milov, Vadim"]
[Result "1/2-1/2"]
[WhiteElo "2570"]
[BlackElo "2589"]
[PlyCount "223"]
[EventDate "2018.01.??"]
[EventType "swiss"]
[EventRounds "9"]
[EventCountry "SUI"]
[SourceDate "2018.01.02"]

1. d4 Nf6 2. c4 g6 3. Nc3 Bg7 4. e4 d6 5. Be2 O-O 6. Bg5 Na6 7. Qd2 e5 8. d5
Qe8 9. Bd1 Bd7 10. Nge2 Nh5 11. O-O f5 12. exf5 gxf5 13. Ng3 Nf6 14. Bc2 Qg6
15. Rae1 h6 16. Bh4 h5 17. Qd1 Qh7 18. f3 Kh8 19. a3 Rf7 20. Kh1 Raf8 21. Nb5
Qg6 22. b4 Nh7 23. Nxa7 Bf6 24. Bxf6+ Nxf6 25. Qb1 Nh7 26. f4 h4 27. Ne2 Rg7
28. Rg1 Nf6 29. Ref1 e4 30. Qb3 Rfg8 31. Bd1 c6 32. dxc6 bxc6 33. Qc3 Ra8 34.
Qd4 c5 35. Qxd6 Rxa7 36. b5 Ng4 37. Qxg6 Rxg6 38. bxa6 Raxa6 39. Nc3 Rxa3 40.
Nd5 Ne3 41. Nxe3 Rxe3 42. Bh5 Rg7 43. Rd1 Rc3 44. Rd6 Rxc4 45. Rgd1 Ba4 46.
Rh6+ Rh7 47. Rd8+ Kg7 48. Rg6+ Kf7 49. g4 Ke7 50. Rd5 e3 51. Re5+ Kd7 52. Rxe3
Rxf4 53. Rg5 Re7 54. Rxe7+ Kxe7 55. gxf5 h3 56. Be2 Re4 57. Bf3 Re3 58. Bd5 Kf6
59. Rg3 Re1+ 60. Rg1 Re5 61. Bb7 c4 62. Rc1 c3 63. Kg1 c2 64. Kf2 Kxf5 65. Bc8+
Ke4 66. Ke2 Rg5 67. Bxh3 Rh5 68. Ra1 Bb3 69. Bg2+ Kd4 70. Kd2 Rxh2 71. Rg1 Bd5
72. Kxc2 Bxg2 73. Rd1+ Kc4 74. Rd2 Be4+ 75. Kc1 Rh6 76. Rb2 Bd3 77. Kd2 Kd4 78.
Kc1 Ke3 79. Rb3 Rh2 80. Rc3 Kd4 81. Rc8 Bc4 82. Rd8+ Kc3 83. Rd7 Ra2 84. Rb7
Rf2 85. Rd7 Rf8 86. Rd2 Rf1+ 87. Rd1 Rf2 88. Rd8 Ba6 89. Rd6 Bb5 90. Rd8 Rh2
91. Rc8+ Bc4 92. Rd8 Rc2+ 93. Kd1 Ra2 94. Ke1 Re2+ 95. Kd1 Re7 96. Kc1 Ra7 97.
Rb8 Ra2 98. Rb7 Rc2+ 99. Kd1 Rf2 100. Re7 Bb5 101. Re3+ Kd4 102. Re7 Bd3 103.
Kc1 Bf5 104. Rf7 Kc3 105. Rc7+ Kd3 106. Rf7 Rc2+ 107. Kb1 Rc5 108. Kb2 Rb5+
109. Ka3 Be6 110. Rf3+ Kd4 111. Rf4+ Kc5 112. Rb4 1/2-1/2

[Event "Schachfestival Basel"]
[Site "Basel"]
[Date "2018.01.04"]
[Round "4.2"]
[White "Heimann, Andreas"]
[Black "Akshat, Kamparia"]
[Result "1-0"]
[WhiteElo "2576"]
[BlackElo "2381"]
[PlyCount "103"]
[EventDate "2018.01.??"]
[EventType "swiss"]
[EventRounds "9"]
[EventCountry "SUI"]
[SourceDate "2018.01.02"]

1. e4 c5 2. Nf3 d6 3. Bb5+ Nd7 4. O-O Ngf6 5. Re1 a6 6. Bd3 b5 7. c4 Rb8 8.
cxb5 axb5 9. a3 e6 10. b4 Be7 11. Nc3 c4 12. Bf1 Ba6 13. d3 O-O 14. Nd4 Qc7 15.
dxc4 bxc4 16. Bf4 Rfc8 17. Nc2 Ne5 18. Bxe5 dxe5 19. Ne3 Ne8 20. Qa4 Ra8 21.
Qc2 Nd6 22. a4 Bb7 23. a5 g6 24. f3 f5 25. exf5 gxf5 26. Na4 f4 27. Ng4 Nf5 28.
Qc3 Qd6 29. Nb6 h5 30. Nxc8 Rxc8 31. Nf2 Nd4 32. b5 Nxb5 33. Qxe5 Qxe5 34. Rxe5
Bd5 35. Ne4 Nd6 36. Rc1 Ra8 37. Nxd6 Bxd6 38. Rg5+ Kf8 39. Bxc4 Rc8 40. Rxh5
Rxc4 41. Rxc4 Bxc4 42. Rh8+ Ke7 43. h4 Kd7 44. h5 Bc7 45. Ra8 Kc6 46. h6 Bd3
47. a6 Bf5 48. Kh2 Be5 49. Re8 Kb6 50. h7 Kxa6 51. h8=Q Bxh8 52. Rxh8 1-0

[Event "Schachfestival Basel"]
[Site "Basel"]
[Date "2018.01.04"]
[Round "4.3"]
[White "Beukema, Jasper"]
[Black "Meijers, Viesturs"]
[Result "1/2-1/2"]
[WhiteElo "2249"]
[BlackElo "2477"]
[PlyCount "139"]
[EventDate "2018.01.??"]
[EventType "swiss"]
[EventRounds "9"]
[EventCountry "SUI"]
[SourceDate "2018.01.02"]

1. e4 c5 2. Nc3 e6 3. g3 a6 4. Bg2 b5 5. f4 Bb7 6. d3 Be7 7. Nf3 b4 8. Ne2 d5
9. exd5 Bxd5 10. O-O Nf6 11. b3 O-O 12. Bb2 a5 13. c4 bxc3 14. Nxc3 Bb7 15. Qe2
Nc6 16. Rac1 Qb6 17. Kh1 Rfd8 18. Rfd1 h6 19. Na4 Qa7 20. Bxf6 gxf6 21. Nd2 f5
22. Nc4 Bf8 23. Na3 Nd4 24. Qf2 Rac8 25. Nc4 Bg7 26. Bxb7 Qxb7+ 27. Qg2 Qa7 28.
Re1 Nb5 29. Ne5 Bxe5 30. Rxe5 Rxd3 31. Rexc5 Rxc5 32. Nxc5 Rd5 33. Qf2 Qa8 34.
Kg1 Qd8 35. Nb7 Qd7 36. Nc5 Qd6 37. Nb7 Qb4 38. Qe1 Qd4+ 39. Qf2 Qe4 40. Nc5
Qb4 41. Qe3 Qd2 42. Qxd2 Rxd2 43. a3 Nd4 44. Rf1 Ra2 45. b4 Rxa3 46. bxa5 Rxa5
47. Nd3 Ra3 48. Ne5 f6 49. Nd7 Kf7 50. Rd1 Ne2+ 51. Kf1 Nc3 52. Rc1 Nd5 53. Rc6
Ra1+ 54. Kg2 Ra2+ 55. Kg1 Ne3 56. Nc5 Ra1+ 57. Kf2 Ng4+ 58. Ke2 Ra2+ 59. Ke1
Rxh2 60. Rc7+ Kg6 61. Nxe6 Rg2 62. Nf8+ Kh5 63. Rc3 Ra2 64. Nd7 Kg6 65. Kf1 Rd2
66. Nc5 Nf2 67. Re3 Rc2 68. Re2 Rxc5 69. Kxf2 Kh5 70. Re8 1/2-1/2

[Event "Schachfestival Basel"]
[Site "Basel"]
[Date "2018.01.04"]
[Round "4.4"]
[White "Beukema, Stefan"]
[Black "Faibisovich, Vadim Z"]
[Result "1/2-1/2"]
[WhiteElo "2403"]
[BlackElo "2325"]
[PlyCount "75"]
[EventDate "2018.01.??"]
[EventType "swiss"]
[EventRounds "9"]
[EventCountry "SUI"]
[SourceDate "2018.01.02"]

1. e4 c5 2. Nf3 Nc6 3. d4 cxd4 4. Nxd4 g6 5. c4 Nf6 6. Nc3 d6 7. f3 Nxd4 8.
Qxd4 Bg7 9. Be3 O-O 10. Qd2 a5 11. Na4 Nd7 12. Qf2 Ne5 13. Nb6 Rb8 14. Rd1 f5
15. exf5 Bxf5 16. h3 Be6 17. Be2 Nd7 18. O-O Bxb2 19. Na4 Bg7 20. c5 Bxa2 21.
cxd6 exd6 22. Bb5 Be6 23. Rxd6 Qe7 24. Rfd1 Rbd8 25. Qe2 Ne5 26. Bc5 Rc8 27.
R6d5 Qg5 28. Bxf8 Bxd5 29. Bxg7 Bxf3 30. Qb2 Qe3+ 31. Kh2 Kxg7 32. gxf3 Qf4+
33. Kg1 Qg3+ 34. Qg2 Nxf3+ 35. Kh1 Qxg2+ 36. Kxg2 Ne5 37. Rd2 g5 38. Nb6
1/2-1/2

[Event "Schachfestival Basel"]
[Site "Basel"]
[Date "2018.01.04"]
[Round "4.5"]
[White "Harff, Marcel"]
[Black "Woellermann, Jan"]
[Result "1-0"]
[WhiteElo "2375"]
[BlackElo "2392"]
[PlyCount "137"]
[EventDate "2018.01.??"]
[EventType "swiss"]
[EventRounds "9"]
[EventCountry "SUI"]
[SourceDate "2018.01.02"]

1. c4 Nf6 2. Nf3 e6 3. e3 d5 4. b3 c5 5. cxd5 exd5 6. Be2 Bd6 7. O-O O-O 8. d4
b6 9. Bb2 Bb7 10. Nc3 Nbd7 11. Qc2 Rc8 12. Qf5 Re8 13. Rac1 a6 14. dxc5 bxc5
15. Rfd1 Qe7 16. Bf1 Rcd8 17. Ba3 Nf8 18. Na4 Ne4 19. Nd2 g6 20. Qh3 Nxd2 21.
Rxd2 Ne6 22. Rdc2 h5 23. Bxc5 Ng5 24. Qg3 Bxg3 25. Bxe7 Bxf2+ 26. Kxf2 Ne4+ 27.
Kg1 Rxe7 28. Rc7 Rde8 29. b4 Nd2 30. R1c2 Ne4 31. b5 axb5 32. Bxb5 Rxc7 33.
Rxc7 Rb8 34. Nc5 Nd6 35. Ba4 Rc8 36. Nxb7 Rxc7 37. Nxd6 Kf8 38. Kf2 Ke7 39. Nb5
Rb7 40. h4 Ke6 41. Nd4+ Ke5 42. Bb3 Rc7 43. Ke2 Rc1 44. Nf3+ Kd6 45. Ne1 f6 46.
Nd3 Rh1 47. Nf4 Rxh4 48. Nxd5 f5 49. Nf4 g5 50. Ne6 Rg4 51. Kf2 Ke5 52. Nd4 f4
53. Nf3+ Kf6 54. e4 Rg3 55. e5+ Kf5 56. e6 Kf6 57. Ne5 Re3 58. Nd7+ Kf5 59. Nb6
g4 60. Nc8 Rxe6 61. Bxe6+ Kxe6 62. a4 Kd7 63. Nb6+ Kc6 64. Nc4 Kc5 65. Ne5 Kb4
66. Nd3+ Kxa4 67. Nxf4 h4 68. Ng6 h3 69. g3 1-0

[Event "Schachfestival Basel"]
[Site "Basel"]
[Date "2018.01.04"]
[Round "4.6"]
[White "Karthik, Venkataraman"]
[Black "Hamblok, Roel"]
[Result "1/2-1/2"]
[WhiteElo "2476"]
[BlackElo "2292"]
[PlyCount "46"]
[EventDate "2018.01.??"]
[EventType "swiss"]
[EventRounds "9"]
[EventCountry "SUI"]
[SourceDate "2018.01.02"]

1. e4 c6 2. Nc3 d5 3. Nf3 dxe4 4. Nxe4 Nf6 5. Qe2 Nxe4 6. Qxe4 Nd7 7. Bc4 Nf6
8. Ne5 e6 9. Qe2 Be7 10. Nf3 c5 11. d4 cxd4 12. O-O O-O 13. Rd1 b6 14. Rxd4 Qc7
15. Bf4 Qc5 16. Rad1 Bb7 17. Ne5 Rad8 18. c3 Rxd4 19. cxd4 Qc8 20. Bg5 h6 21.
Bc1 Bd5 22. Bxd5 Nxd5 23. Qd3 Nb4 1/2-1/2

[Event "Schachfestival Basel"]
[Site "Basel"]
[Date "2018.01.04"]
[Round "4.7"]
[White "Xheladini, Mahmut"]
[Black "Firat, Burak"]
[Result "0-1"]
[WhiteElo "2174"]
[BlackElo "2453"]
[PlyCount "82"]
[EventDate "2018.01.??"]
[EventType "swiss"]
[EventRounds "9"]
[EventCountry "SUI"]
[SourceDate "2018.01.02"]

1. e4 e6 2. e5 d5 3. exd6 cxd6 4. d4 Nf6 5. Nf3 Be7 6. Bd3 O-O 7. O-O b6 8. Re1
Bb7 9. Nbd2 Nbd7 10. c3 Re8 11. Nf1 a6 12. Ng3 Bf8 13. Bg5 Qc7 14. Bxf6 Nxf6
15. Ne4 Nd5 16. Rc1 e5 17. Ng3 Nf4 18. Bc2 Rad8 19. Bb3 h6 20. Re3 Kh8 21. Qd2
g6 22. Rce1 f5 23. Ne2 Nh5 24. Nh4 Qg7 25. g3 Nf6 26. f3 Be7 27. Nf4 g5 28. Ne6
Qh7 29. Nxd8 Rxd8 30. Ng2 g4 31. Nh4 gxf3 32. Be6 Ne4 33. Rxe4 Bxe4 34. Rxe4
fxe4 35. Bf5 Bg5 36. Qf2 Qb7 37. Ng6+ Kg7 38. Qc2 e3 39. Be4 Qf7 40. h4 e2 41.
hxg5 e1=Q+ 0-1

[Event "Schachfestival Basel"]
[Site "Basel"]
[Date "2018.01.04"]
[Round "4.8"]
[White "Heinemann, Josefine"]
[Black "Kerigan, Demre"]
[Result "0-1"]
[WhiteElo "2270"]
[BlackElo "2340"]
[PlyCount "62"]
[EventDate "2018.01.??"]
[EventType "swiss"]
[EventRounds "9"]
[EventCountry "SUI"]
[SourceDate "2018.01.02"]

1. e4 Nc6 2. Nf3 d6 3. d4 Nf6 4. Nc3 g6 5. Be2 Bg7 6. O-O O-O 7. h3 a6 8. Be3
b5 9. a3 e6 10. Qd2 Bb7 11. Bh6 Ne7 12. Bxg7 Kxg7 13. Qe3 d5 14. e5 Ne4 15. g4
c5 16. dxc5 Qc7 17. Nxe4 dxe4 18. Nd4 Qxe5 19. f4 Qc7 20. b4 Rad8 21. Rad1 Nd5
22. Qf2 e5 23. fxe5 Qxe5 24. Qh4 Nc3 25. Nf5+ gxf5 26. Qg5+ Kh8 27. Rxd8 Qg3+
28. Kh1 e3+ 29. Bf3 Qxh3+ 30. Kg1 Ne2+ 31. Bxe2 Qg3# 0-1

[Event "Schachfestival Basel"]
[Site "Basel"]
[Date "2018.01.04"]
[Round "4.9"]
[White "Paul, Johannes"]
[Black "Lee, Qing Aun"]
[Result "1/2-1/2"]
[WhiteElo "2331"]
[BlackElo "2277"]
[PlyCount "97"]
[EventDate "2018.01.??"]
[EventType "swiss"]
[EventRounds "9"]
[EventCountry "SUI"]
[SourceDate "2018.01.02"]

1. d4 d5 2. c4 e6 3. Nc3 c5 4. cxd5 cxd4 5. Qa4+ Bd7 6. Qxd4 exd5 7. Qxd5 Nc6
8. Nf3 Nf6 9. Qd1 Qb6 10. Qc2 Nb4 11. Qb1 g6 12. Be3 Qc7 13. Nd4 Bc5 14. a3
Bxd4 15. Bxd4 Bf5 16. axb4 Bxb1 17. Bxf6 O-O 18. Rxb1 Rfe8 19. h4 Qd6 20. Bg5
Qxb4 21. Rh3 h5 22. Rd3 Re6 23. g3 Rae8 24. Bf4 a5 25. Kd1 Qb3+ 26. Kd2 Qb4 27.
e3 Qc5 28. Rd5 Qc8 29. Bh3 f5 30. Bg2 Kh7 31. Rd1 Rd8 32. Kc2 Rxd5 33. Bxd5 Re8
34. Bd6 b5 35. Kb1 b4 36. Nb5 Qd7 37. Bc4 Rb8 38. Rd5 Qc6 39. Bxb8 Qxc4 40.
Rd7+ Kg8 41. Rd8+ Kh7 42. Rd7+ Kg8 43. Rd8+ Kh7 44. Nd4 b3 45. Nxb3 Qe4+ 46.
Ka1 Qa4+ 47. Kb1 Qe4+ 48. Kc1 Qc4+ 49. Kb1 1/2-1/2

[Event "Schachfestival Basel"]
[Site "Basel"]
[Date "2018.01.04"]
[Round "4.10"]
[White "Simon, Ralf Axel"]
[Black "Aeschbach, Philipp"]
[Result "1-0"]
[WhiteElo "2146"]
[BlackElo "2304"]
[PlyCount "87"]
[EventDate "2018.01.??"]
[EventType "swiss"]
[EventRounds "9"]
[EventCountry "SUI"]
[SourceDate "2018.01.02"]

1. Nf3 Nf6 2. c4 g6 3. Nc3 Bg7 4. e4 d6 5. d4 O-O 6. Be2 e5 7. O-O Nc6 8. d5
Ne7 9. Ne1 Nd7 10. Be3 f5 11. f3 f4 12. Bf2 g5 13. Rc1 Ng6 14. b4 Nf6 15. c5
Rf7 16. Kh1 h5 17. Nb5 b6 18. cxd6 cxd6 19. Rc6 Bf8 20. Qc2 Bd7 21. Nxa7 Rxa7
22. Bxb6 Qa8 23. Bxa7 Qxa7 24. b5 g4 25. b6 Qb7 26. a4 Bxc6 27. Qxc6 Qb8 28. a5
Ne7 29. Qb5 Nc8 30. Nd3 Rb7 31. Rb1 Nxb6 32. a6 Ra7 33. Qxb6 Qxb6 34. Rxb6 Nd7
35. Rc6 Nb8 36. Nb4 gxf3 37. gxf3 Nd7 38. Rc8 Nc5 39. Kg2 Kf7 40. Kh3 Bg7 41.
Bb5 Bf6 42. Rb8 Be7 43. Nc6 Nxa6 44. Rb6 1-0

[Event "Schachfestival Basel"]
[Site "Basel"]
[Date "2018.01.04"]
[Round "4.11"]
[White "Meier, Volker"]
[Black "Maerevoet, Sim"]
[Result "1/2-1/2"]
[WhiteElo "2284"]
[BlackElo "2270"]
[PlyCount "43"]
[EventDate "2018.01.??"]
[EventType "swiss"]
[EventRounds "9"]
[EventCountry "SUI"]
[SourceDate "2018.01.02"]

1. c4 Nf6 2. Nc3 c6 3. d4 d5 4. cxd5 cxd5 5. Bf4 Nc6 6. e3 a6 7. Bd3 e6 8. Nf3
Be7 9. O-O O-O 10. h3 b5 11. Qe2 Bb7 12. Rac1 Qb6 13. Bb1 Rac8 14. Rfd1 Na5 15.
Ne5 Nc4 16. b3 Na3 17. Bd3 Qa5 18. Qb2 Ne4 19. Ne2 f6 20. Nf3 b4 21. Rxc8 Rxc8
22. Rc1 1/2-1/2

[Event "Schachfestival Basel"]
[Site "Basel"]
[Date "2018.01.04"]
[Round "4.12"]
[White "Schwander, Lukas"]
[Black "Kappeler, Kaspar"]
[Result "1/2-1/2"]
[WhiteElo "2135"]
[BlackElo "2280"]
[PlyCount "41"]
[EventDate "2018.01.??"]
[EventType "swiss"]
[EventRounds "9"]
[EventCountry "SUI"]
[SourceDate "2018.01.02"]

1. d4 Nf6 2. c4 g6 3. Nc3 Bg7 4. e4 d6 5. Be2 O-O 6. Be3 Nbd7 7. Nf3 e5 8. O-O
c6 9. d5 Ng4 10. dxc6 Nxe3 11. cxb7 Bxb7 12. fxe3 Qb6 13. Kh1 Nf6 14. Qb3 Nxe4
15. Qxb6 axb6 16. Nxe4 Bxe4 17. Nd2 Bf5 18. e4 Bd7 19. Nb1 Bc6 20. Nc3 Bh6 21.
Rad1 1/2-1/2

[Event "Schachfestival Basel"]
[Site "Basel"]
[Date "2018.01.04"]
[Round "4.13"]
[White "Roseneck, Jonas"]
[Black "Parnali, S Dharia"]
[Result "1/2-1/2"]
[WhiteElo "2279"]
[BlackElo "2082"]
[PlyCount "109"]
[EventDate "2018.01.??"]
[EventType "swiss"]
[EventRounds "9"]
[EventCountry "SUI"]
[SourceDate "2018.01.02"]

1. e4 e5 2. Nf3 Nc6 3. Bb5 a6 4. Ba4 Nf6 5. O-O b5 6. Bb3 Bc5 7. c3 d6 8. a4
Rb8 9. d4 Bb6 10. a5 Ba7 11. h3 O-O 12. Be3 Ra8 13. Re1 Bb7 14. Nbd2 h6 15. Nf1
Re8 16. Ng3 exd4 17. cxd4 d5 18. e5 Ne4 19. Nf5 Ne7 20. N3h4 Nxf5 21. Nxf5 Re6
22. Bc2 Bc8 23. f3 Ng5 24. Qd3 Rg6 25. Kf1 b4 26. Qd2 b3 27. Bd3 Rb8 28. h4 Nh7
29. h5 Re6 30. f4 Nf8 31. g3 Bd7 32. Kg2 Rc6 33. Rac1 Rxc1 34. Rxc1 Bb5 35. Bb1
Ne6 36. Kh2 Bc4 37. Rg1 Kf8 38. Nh4 c5 39. dxc5 d4 40. Bf2 Bxc5 41. f5 Ng5 42.
Bd3 Bxd3 43. Qxd3 Qxa5 44. f6 gxf6 45. Qf5 Qd8 46. exf6 Qc8 47. Rc1 Qxf5 48.
Nxf5 Ne4 49. Bxd4 Bxd4 50. Nxd4 Nxf6 51. Rc6 Ng4+ 52. Kh3 Nf2+ 53. Kg2 Nd3 54.
Rxh6 Kg7 55. Nf5+ 1/2-1/2

[Event "Schachfestival Basel"]
[Site "Basel"]
[Date "2018.01.04"]
[Round "4.14"]
[White "Petermann, Michail"]
[Black "Faraone, Ettore"]
[Result "0-1"]
[WhiteElo "2251"]
[BlackElo "2079"]
[PlyCount "66"]
[EventDate "2018.01.??"]
[EventType "swiss"]
[EventRounds "9"]
[EventCountry "SUI"]
[SourceDate "2018.01.02"]

1. e4 c5 2. Nc3 a6 3. f4 Nc6 4. Nf3 d6 5. Bc4 e6 6. a4 Qc7 7. d3 Be7 8. O-O Nf6
9. Qe1 Nd7 10. Be3 O-O 11. Qg3 Kh8 12. Ng5 Nf6 13. Qh3 h6 14. g4 Kg8 15. Nf3
Nb4 16. Bb3 d5 17. e5 Nh7 18. Na2 c4 19. dxc4 dxc4 20. Nxb4 Bxb4 21. c3 Bc5 22.
Bd4 cxb3 23. g5 hxg5 24. fxg5 b6 25. Rae1 Bb7 26. Qg4 Qc6 27. Re3 Rad8 28. Kf2
Rd7 29. Rg1 Rfd8 30. Rg3 Nf8 31. h4 Qxa4 32. g6 fxg6 33. Bxc5 Qxg4 0-1

[Event "Schachfestival Basel"]
[Site "Basel"]
[Date "2018.01.04"]
[Round "4.15"]
[White "Biastoch, Bennet"]
[Black "Zennaf, Karim"]
[Result "1-0"]
[WhiteElo "2234"]
[BlackElo "2013"]
[PlyCount "133"]
[EventDate "2018.01.??"]
[EventType "swiss"]
[EventRounds "9"]
[EventCountry "SUI"]
[SourceDate "2018.01.02"]

1. e4 e5 2. Nf3 Nc6 3. Bb5 a6 4. Ba4 Nf6 5. d3 d6 6. c3 b5 7. Bc2 Be7 8. O-O
O-O 9. Re1 Bg4 10. h3 Bxf3 11. Qxf3 Nb8 12. Nd2 Nbd7 13. Nf1 Re8 14. Ng3 g6 15.
Be3 c5 16. a4 Bf8 17. Bg5 h6 18. Be3 Qc7 19. Rec1 Bg7 20. Ra2 Rec8 21. Rca1 Qb7
22. Nf1 b4 23. cxb4 cxb4 24. Bb3 Nc5 25. Bxc5 Rxc5 26. Ne3 Rac8 27. Bc4 a5 28.
b3 h5 29. Rd1 Qe7 30. Nd5 Nxd5 31. Bxd5 Rc1 32. Bc4 Rxd1+ 33. Qxd1 Qg5 34. Rc2
Kf8 35. Qf3 Qf4 36. Qe2 Bh6 37. g3 Qf6 38. Bd5 Rxc2 39. Qxc2 Qf3 40. Qc7 Be3
41. Qxd6+ Kg8 42. Qxg6+ Kh8 43. Qxf7 Bxf2+ 44. Kf1 Qxf7 45. Bxf7 Bxg3 46. Bxh5
Kg7 47. d4 exd4 48. Ke2 Kf6 49. Kd3 Ke5 50. Bd1 Bh4 51. Bc2 Bf6 52. Kc4 Kf4 53.
Kd5 Ke3 54. e5 Bh4 55. Kc4 Be7 56. e6 Bd8 57. Bg6 Be7 58. Kb5 Bd8 59. Kc6 d3
60. Kd7 Bh4 61. e7 Bxe7 62. Kxe7 Ke2 63. Kd6 d2 64. Bh5+ Ke1 65. Kc5 d1=Q 66.
Bxd1 Kxd1 67. Kc4 1-0

[Event "Schachfestival Basel"]
[Site "Basel"]
[Date "2018.01.04"]
[Round "4.16"]
[White "Wenner, Tobias"]
[Black "Leutwyler, Martin"]
[Result "1/2-1/2"]
[WhiteElo "2145"]
[BlackElo "2188"]
[PlyCount "31"]
[EventDate "2018.01.??"]
[EventType "swiss"]
[EventRounds "9"]
[EventCountry "SUI"]
[SourceDate "2018.01.02"]

1. Nf3 d5 2. c4 c6 3. g3 Nf6 4. Bg2 dxc4 5. O-O Nbd7 6. Qc2 Nb6 7. a4 a5 8. Na3
Nfd5 9. Nxc4 Nb4 10. Qc3 Nxc4 11. Qxc4 Be6 12. Qc3 Nd5 13. Qc2 Nb4 14. Qc3 Nd5
15. Qc2 Nb4 16. Qc3 1/2-1/2

[Event "Schachfestival Basel"]
[Site "Basel"]
[Date "2018.01.04"]
[Round "4.17"]
[White "Haenggi, Markus"]
[Black "Schweizer, Simon"]
[Result "1-0"]
[WhiteElo "2065"]
[BlackElo "2159"]
[PlyCount "63"]
[EventDate "2018.01.??"]
[EventType "swiss"]
[EventRounds "9"]
[EventCountry "SUI"]
[SourceDate "2018.01.02"]

1. e4 e5 2. Bc4 Nf6 3. d3 c6 4. Nf3 d5 5. Bb3 Bd6 6. Bg5 dxe4 7. dxe4 Na6 8.
O-O Nc5 9. Nbd2 Qe7 10. Nc4 Bc7 11. Re1 h6 12. Bh4 b5 13. Ncd2 g5 14. Bg3 Bg4
15. Re3 Rd8 16. Qe2 Nh5 17. a4 Nf4 18. Qf1 a6 19. axb5 axb5 20. Ra7 O-O 21. Ba2
Qd6 22. b4 Na4 23. Bxf4 exf4 24. Rd3 Qe7 25. Nd4 Rxd4 26. Rxd4 Qe5 27. Rd3 Bb6
28. Rb7 Bc8 29. Rbd7 Bxd7 30. Rxd7 Qc3 31. Qd1 Qxb4 32. Qh5 1-0

[Event "Schachfestival Basel"]
[Site "Basel"]
[Date "2018.01.04"]
[Round "4.18"]
[White "Faldum, Manfred"]
[Black "Yakimenko, Alexander A"]
[Result "0-1"]
[WhiteElo "2065"]
[BlackElo "2146"]
[PlyCount "130"]
[EventDate "2018.01.??"]
[EventType "swiss"]
[EventRounds "9"]
[EventCountry "SUI"]
[SourceDate "2018.01.02"]

1. Nf3 d6 2. g3 e5 3. d3 Be7 4. Bg2 Bg4 5. O-O Qc8 6. Re1 Bh3 7. Bh1 h5 8. c4
h4 9. Nc3 Nc6 10. Nd5 hxg3 11. fxg3 Nf6 12. b4 Ng4 13. e3 Qd7 14. Bb2 Kf8 15.
Qc2 Re8 16. d4 e4 17. Nd2 Nxh2 18. Nxe4 Bg4 19. Qf2 Bd8 20. Nf4 Bf5 21. Nd2 Ng4
22. Qf3 Rh2 23. Bg2 Nxb4 24. e4 Bh7 25. d5 Bf6 26. Bxf6 gxf6 27. Nf1 Rh6 28.
Qc3 Na6 29. Qd2 Nc5 30. Bh3 Nxe4 31. Bxg4 Nxd2 32. Bxd7 Rxe1 33. Rxe1 Nf3+ 34.
Kf2 Nxe1 35. Kxe1 Bb1 36. a3 Ke7 37. Bc8 b6 38. Ba6 f5 39. Ke2 Kf6 40. Nd2 Bc2
41. Nf3 Rh1 42. Ne1 Be4 43. Kf2 Ke5 44. Ne2 Kf6 45. Nf4 Rh2+ 46. Nfg2 Ke5 47.
Nf3+ Bxf3 48. Kxf3 Rh1 49. Bb5 Ra1 50. a4 Ra3+ 51. Kf2 Ke4 52. Nh4 Ra2+ 53. Kf1
f4 54. gxf4 Kxf4 55. Ng2+ Ke4 56. Ne1 f5 57. Be8 f4 58. Nc2 Rxc2 59. Bg6+ Kd4
60. Bxc2 Kxc4 61. Be4 Kb3 62. Ke2 Kxa4 63. Kd2 Kb4 64. Bf3 Kc4 65. Kc2 a5 0-1